000 00832cam a22002054a 4500
005 20250605164130.0
008 250528s ||||||||||||||||||||||||d
035 _a18616
020 _a500202303
040 _aGR-AtMCL
_bgre
_dGR-AtMCL
_eAACR2
245 1 _aArt Deco / 194 Illustrations, 44 in Colour
260 _c1995
300 _a216
520 _aA history of the style, an encyclopedia of its practitioners and a handbook for the enthusiastic student or collector. Introduction, Furniture, Textiles, Ironwork and Lighting, Silver and Lacquer and Metal ware, Glass, Ceramics, Sculpture, Paintings and Graphics and Posters and Bookbinding, Jewelry, Architecture, Bibliography, Index.
700 1 _aDuncan Alastair
_94827
700 1 _aThames And Hudson
_92417
942 _cBK
999 _c3964
_d3964